| 000 | 02600ngm a2200589Ka 4500 | ||
|---|---|---|---|
| 001 | ocm51209575 | ||
| 003 | OCoLC | ||
| 005 | 20241108151351.0 | ||
| 007 | vd cvaizu | ||
| 008 | 021211s2002 cau081 g vaeng d | ||
| 020 | _c17.95 | ||
| 040 |
_aJRZ _cJRZ _dOCLCQ _dWACOL _erda |
||
| 049 | _aWACL | ||
| 050 | 4 |
_aPN1997.5 _b.I2412 2002 |
|
| 082 | 4 | _a791.43 | |
| 092 |
_aDVD _bIce |
||
| 245 | 0 | 0 |
_aIce Age _h[DVD] |
| 250 | _aWidescreen and full screen ed. | ||
| 260 |
_aBeverly Hills, Calif. : _b20th Century Fox Home Entertainment, _cc2002. |
||
| 264 |
_aBeverly Hills, Calif. : _b20th Century Fox Home Entertainment, _c2002 |
||
| 300 |
_a1 disc (ca. 81 min. _bsd., col.; _c4 3/4 in. |
||
| 500 | _aBonus features include: audio commentaries by director and co-director ; 3 all new interactive games ; 8 DVD-ROM games & activities ; ; deleted scenes ; | ||
| 500 | _aDVD release of the motion picture. | ||
| 508 | _aAnimators, Nina Bafaro ... [et al.] ; editor, John Carnochan. | ||
| 511 | 0 | _aVoices: Ray Romano, John Leguizamo, Denis Leary, Goran Visnjic, Jack Black, Cedric the Entertainer, Stephen Root, Diedrich Bader. | |
| 520 | _aTwenty thousand years ago, as the Earth was being overrun with glaciers, Manny, Diego, Sid and Scrat become a courageous quartet of migrating misfits braving the frozen terrain and embarking on an incredible journey. Creatures everywhere were fleeing the onslaught of the new Ice age ... | ||
| 521 | 8 | _aMPAA rating: PG. | |
| 538 | _aDVD format. | ||
| 546 | _aIn English, French or Spanish, with English and Spanish subtitles ; closed captioned. | ||
| 650 | 0 |
_aGlacial epoch. _95833558 |
|
| 650 | 0 |
_aWoolly mammoth. _995346 |
|
| 650 | 0 |
_aSaber-toothed tigers. _997036 |
|
| 650 | 0 |
_aFriendship. _95833559 |
|
| 650 | 0 |
_aFeature films. _95833560 |
|
| 655 | 7 |
_aAnimated films. _2lcsh _95833561 |
|
| 655 | 7 |
_aChildren's films. _2lcsh _95674336 |
|
| 655 | 7 |
_aVideo recordings for the hearing impaired. _2lcsh _95833562 |
|
| 700 | 1 |
_aWedge, Chris, _d1958- _968493 |
|
| 700 | 1 |
_aRomano, Ray. _947594 |
|
| 700 | 1 |
_aLeguizamo, John. _95833563 |
|
| 700 | 1 |
_aLeary, Denis. _937745 |
|
| 700 | 1 |
_aVisnjic, Goran, _d1972- _968491 |
|
| 700 | 1 |
_aBlack, Jack, _d1969- _966764 |
|
| 700 | 0 |
_aCedric, _cthe Entertainer, _d1965- _967699 |
|
| 700 | 1 |
_aRoot, Stephen. _966933 |
|
| 700 | 1 |
_aBader, Diedrich, _d1966- _971295 |
|
| 710 | 2 |
_aTwentieth Century-Fox Film Corporation. _95758 |
|
| 710 | 2 |
_aBlue Sky Studios. _968444 |
|
| 710 | 2 |
_aTwentieth Century Fox Home Entertainment, Inc. _961951 |
|
| 942 |
_cDVD _2ddc |
||
| 948 |
_a05/22/2006 _b06/03/2010 _zSirsi |
||
| 999 |
_c262931 _d262931 |
||